Lee Jung-jae Filmography - Statistics

General Stats
  • This quiz has been taken 10 times
    7 since last reset
  • The average score is 16 of 51
Answer Stats
Type Year Name % Correct
Web Series 2021-2025 Squid Game
100%
Web Series 2024 The Acolyte
71%
Film 2022 Hunt
57%
Film 2010 The Housemaid
57%
Film 2018 Along with the Gods: The Last 49 Days
43%
Film 2017 Along with the Gods: The Two Worlds
43%
Film 2000 Asako in Ruby Shoes
43%
Film 2015 Assassination
43%
Film 2014 Big Match
43%
Web Series 2019 Chief of Staff
43%
Film 1998 City of the Rising Sun
43%
Film 2020 Deliver Us from Evil
43%
Film 1997 Firebird
43%
Film 2000 Il Mare
43%
Film 2001 Last Present
43%
Film 2013 New World
43%
Film 2003 Oh! Brothers
43%
TV Show 1995 Sandglass
43%
Film 2019 Svaha: The Sixth Finger
43%
Film 2008 The Accidental Gangster and the Mistaken Courtesan
43%
Film 2013 The Face Reader
43%
Film 2001 The Last Witness
43%
Film 2012 The Thieves
43%
Film 1994 The Young Man
43%
Film 2016 Tik Tok
43%
TV Show 1998 White Nights 3.98
43%
Film 1996 Albatross
29%
Film 1998 An Affair
29%
Film 2016 Battle for Incheon: Operation Chromite
29%
Film 2004 Blade of the Phantom Master
29%
Film 2000 Interview
29%
Film 2001 MOB 2025
29%
Film 2002 Over the Rainbow
29%
Film 1997 Park Dae Park
29%
Film 2024 Revolver
29%
Film 1999 The Uprising
29%
TV Show 2009 Triple
29%
Film 2005 Typhoon
29%
TV Show 2007 Air City
14%
Commercial 2022 Gucci
14%
Film 2017 Warriors of the Dawn
14%
Film 2019 2036 Apocalypse Earth
0%
Film TBA Do-cheong
0%
Film 2018 Doraemon Nobita no Takarajima
0%
TV Show 2025 Fresh Off the Sea
0%
Film 2019 Lakewood Plaza Turbo
0%
Short Film 2023 PUBG Ground of Honor: Rondo
0%
Short Documentary 2025 Squid Game in Conversation
0%
Documentary 2025 Squid Game: Making Season 2
0%
Film 2019 Wiretap
0%
Film 2019 Wooparoo Adventure
0%
No matching quizzes found
Score Distribution
Percent of People with Each Score
Percentile by Number Answered
Your Score History
You have not taken this quiz since the last reset